[Event "SPICE Cup Open 2018"]
[Site "St. Louis"]
[Date "2018.10.25"]
[Round "4"]
[White "Nyzhnyk, Illya"]
[Black "Patel, Advait"]
[Result "1/2-1/2"]
[WhiteElo "2626"]
[BlackElo "2461"]
[Annotator "TA"]
[PlyCount "55"]
[EventDate "2018.10.22"]
[EventType "swiss"]
[EventCountry "USA"]
[SourceTitle "playchess.com"]
[Source "ChessBase"]
[SourceQuality "1"]

{[%evp 25,55,0,7,0,0,8,0,0,0,0,0,0,0,0,30,30,34,34,35,0,0,0,0,0,0,0,0,0,0,0,0,0]} 1. d4 Nf6 2. c4 g6 3. Nc3 Bg7 4. e4 d6 5. Nf3 O-O 6. h3 e5 7. dxe5 dxe5 8. Qxd8 Rxd8 9. Bg5 Na6 10. Nd5 Rd6 {E90: King's Indian: Classical: Early deviations and 6 h3} 11. Bxf6 Bxf6 12. Rc1 Bd8 (12... b6 13. b4 c6 14. Nxf6+ Rxf6 15. a3 c5 16. b5 Nc7 17. Rd1 a6 18. Rd8+ {0-1 (44) Wang,Y (2690)-Saric,I (2669) Riadh 2017}) 13. c5 Re6 {LiveBook: 10 Games} 14. Bc4 $146 ({Predecessor:} 14. a3 c6 15. Bxa6 cxd5 16. Bd3 dxe4 17. Bxe4 Bc7 18. O-O {0-1 (59) Cheng,B (2425)-Zhao,Z (2537) Canberra 2013}) 14... Nxc5 15. b4 Na6 16. Bxa6 Rxa6 17. Nxc7 Bxc7 18. Rxc7 Rxa2 19. O-O Rb2 20. Ng5 Be6 21. Nxe6 fxe6 $14 {[%mdl 4096] Endgame KRR-KRR} 22. Rd1 Rf8 {The position is equal.} 23. Rdd7 {[#] Threatening mate with Rg7+.} Rfxf2 24. g4 Rg2+ 25. Kf1 {[%cal Rd7d8]} Rgf2+ 26. Ke1 Rbe2+ 27. Kd1 Rb2 {[%cal Rf2f1] [#]} ({Much weaker is} 27... Rxe4 $6 28. Rg7+ Kf8 29. Rxh7 $16) 28. Ke1 {Precision: White = 78%, Black = 78%.} 1/2-1/2

[Event "SPICE Cup Open 2018"]
[Site "St. Louis"]
[Date "2018.10.25"]
[Round "4"]
[White "Quesada Perez, Yuniesky"]
[Black "Cori, Jorge"]
[Result "1/2-1/2"]
[WhiteElo "2622"]
[BlackElo "2664"]
[Annotator "TA"]
[PlyCount "138"]
[EventDate "2018.10.22"]
[EventType "swiss"]
[EventCountry "USA"]
[SourceTitle "playchess.com"]
[Source "ChessBase"]
[SourceQuality "1"]

{[%evp 24,138,59,63,62,56,65,56,81,83,74,34,26,23,79,67,76,68,68,50,66,14,4,0,6,0,0,0,0,7,14,14,16,16,16,17,72,0,82,72,102,72,89,49,112,113,120,120,117,117,108,104,134,10,27,18,22,23,66,65,73,69,72,76,85,30,72,72,63,80,237,242,233,229,195,177,168,117,126,102,84,47,47,53,198,202,479,482,471,419,468,471,513,472,414,96,96,96,96,96,96,15,15,15,15,15,15,14,14,15,15,15,15,15,15,15,15]} 1. e4 c5 2. Nf3 e6 3. d4 cxd4 4. Nxd4 Nc6 5. Nc3 Qc7 6. Be3 a6 7. Qd2 Nf6 8. O-O-O Be7 {B48: Sicilian: Taimanov: 5 Nc3 Qc7 6 Be3 a6 without Be2} 9. f3 h5 10. Nxc6 bxc6 11. Bf4 e5 12. Bg5 a5 13. Bc4 {LiveBook: 6 Games} a4 14. a3 {[#]} Qb7 $146 ({Predecessor:} 14... d6 15. f4 O-O 16. Rhf1 {½-½ (44) Grischuk,A (2783)-Cori Tello,J (2641) Tbilisi 2017}) 15. Qd3 d6 16. Bxf6 gxf6 17. f4 exf4 18. Rhf1 Bg4 (18... Rg8 $11) 19. Rde1 Rg8 20. Rxf4 Rg5 21. Qd4 Be6 22. Rf2 (22. g3 $14) 22... Qa7 $132 {[%mdl 2048] Black has counterplay} 23. Qxa7 $1 Rxa7 24. Bd3 Bd8 25. g3 Ke7 26. Nd1 Bb6 27. Ne3 Re5 28. Nf5+ Kd7 29. Rf4 Ra8 (29... Bxf5 $11 30. Rxf5 Rxf5 31. exf5 d5) 30. c3 (30. Ref1 $16) 30... Rb8 (30... Bxf5 $1 $11 {remains equal.} 31. Rxf5 Rxf5 32. exf5 d5) 31. Ref1 Ra5 32. Nd4 Bd8 33. Be2 Be7 (33... Bh3 $1 $14) 34. Nf5 $16 Bf8 35. R1f2 d5 36. exd5 Rxd5 37. Bd1 Kc7 38. R4f3 ({Much worse is} 38. Bxh5 $6 Bc5 $11) (38. Bxa4 $16 Rbd8 39. Bc2) 38... Bc5 39. Rf1 Re5 40. Rf4 Rd8 {White must now prevent ...Bxf5.} 41. Nd4 $1 Bc4 42. R1f2 Re1 {With the idea ...Bd6.} 43. Kd2 $1 {[%cal Rd2e1]} Rh1 44. Bf3 (44. Bxa4 $16 Bd5 45. Kd3 (45. Rxf6 Rb1 $16)) 44... Ra1 45. Rxf6 Be6 46. Bxh5 Bxd4 $2 (46... Be7 $16) 47. cxd4 $18 Rxd4+ 48. Ke3 Rd7 49. Bf3 c5 50. h4 (50. Rf4 $18) 50... c4 $16 51. Rc2 Rd3+ 52. Kf2 Ra2 $1 53. h5 {[%cal Bh4h5,Bh5h6,Bh6h7][%mdl 32]} Rb3 {[#]} (53... Rdxa3 $1 $14 54. h6 Rb3) 54. h6 $1 $18 Rbxb2 $2 (54... Kd7 {was worth a try.} 55. Be4 Raxb2) 55. Rxb2 Rxb2+ {[%mdl 4096] Endgame KRB-KRB} 56. Ke3 Rh2 57. Be4 Kd6 {[#] Threatens to win with ...Ke5.} 58. h7 $1 Ke7 59. Rf4 $2 (59. Rf2 $18 {and the rest is easy.} Rh3 60. Rb2) 59... Kf8 $16 60. Rh4 Rxh4 61. gxh4 {KB-KB} Kg7 62. Bc2 ({White should try} 62. Bc6 $16) 62... Bd7 $1 $11 {The position is equal.} 63. Kd4 f5 64. Kxc4 {Kd5 is the strong threat.} Kxh7 65. Kd5 {And now Kd6 would win.} Kg6 66. Kd6 Bb5 67. Ke5 Kh5 68. Kxf5 Kxh4 69. Ke5 Kh5 {Precision: White = 56%, Black = 54%.} 1/2-1/2

[Event "SPICE Cup Open 2018"]
[Site "St. Louis"]
[Date "2018.10.25"]
[Round "4"]
[White "Gledura, Benjamin"]
[Black "Lenderman, Aleksandr"]
[Result "1-0"]
[WhiteElo "2621"]
[BlackElo "2626"]
[Annotator "TA"]
[PlyCount "72"]
[EventDate "2018.10.22"]
[EventType "swiss"]
[EventCountry "USA"]
[SourceTitle "playchess.com"]
[Source "ChessBase"]
[SourceQuality "1"]

{[%evp 23,72,-15,36,28,35,14,28,19,35,22,62,41,93,80,106,86,82,102,117,120,127,119,116,110,135,146,130,99,113,77,147,144,163,160,145,145,160,158,191,166,174,181,250,227,334,239,297,295,293,276,264]} 1. Nf3 d5 2. g3 Nf6 3. Bg2 e6 4. O-O Be7 5. c4 O-O 6. d4 c6 7. Nbd2 b6 8. Qc2 Bb7 9. e4 Na6 10. e5 Nd7 11. a3 {E06: Closed Catalan: Early deviations} (11. b3 c5 12. Bb2 Rc8 13. Qc3 cxd4 14. Qxd4 Nb4 15. Rfc1 Bc5 16. Qc3 dxc4 17. bxc4 Qc7 18. Re1 Na6 {0-1 (31) Gurevich,M (2549)-Fressinet,L (2660) Nancy 2017}) 11... c5 12. dxc5 Naxc5 {LiveBook: 3 Games} (12... bxc5 $11 13. Rd1 Rb8) 13. b4 $14 {White is slightly better.} Ne4 14. Bb2 $146 ({Predecessor:} 14. cxd5 Nxd2 15. Nxd2 Nxe5 16. d6 Bxg2 17. dxe7 Qd5 18. exf8=Q+ Rxf8 {1-0 (39) Mosetlhe,K (2162)-Klaasen,C (2226) Johannesburg 2017}) 14... Nxd2 15. Nxd2 Qc7 16. Rfc1 Rac8 17. Qa4 Bc6 (17... Nxe5 $14 18. cxd5 Qb8) 18. Qb3 {[%cal Rc4d5]} d4 19. Bxc6 Qxc6 20. Bxd4 Rfd8 21. Qe3 a5 22. Rab1 axb4 23. axb4 {[%cal Ba3b4,Bb4b5][%mdl 32]} Qa4 24. Ra1 Qc6 25. b5 Qb7 26. Ne4 Ra8 (26... h6 $142) 27. Rxa8 Rxa8 28. Nd6 Bxd6 29. exd6 h6 30. h4 {[%cal Bh2h4,Bh4h5][%mdl 32]} Rc8 31. h5 $40 {[%mdl 128] White has strong attack.} Qb8 32. Qa3 e5 {[#]} (32... Rd8 $142 33. Re1 Re8) 33. Be3 $1 $18 Re8 (33... e4 $142 34. Kg2 Kh8) 34. Ra1 Rc8 35. Qd3 Qb7 36. Qd5 Qxd5 {Precision: White = 81%, Black = 17%.} 1-0

[Event "SPICE Cup Open 2018"]
[Site "St. Louis"]
[Date "2018.10.25"]
[Round "4"]
[White "Liang, Awonder"]
[Black "Cordova, Emilio"]
[Result "1-0"]
[WhiteElo "2572"]
[BlackElo "2609"]
[Annotator "RC"]
[PlyCount "103"]
[EventDate "2018.10.22"]
[EventType "swiss"]
[EventCountry "USA"]
[SourceTitle "playchess.com"]
[Source "ChessBase"]
[SourceQuality "1"]
[TimeControl "5400+30"]

1. e4 c5 2. Nf3 Nc6 3. Bb5 g6 4. Bxc6 dxc6 5. d3 Bg7 6. Nc3 Nf6 {[%emt 0:10:04]} 7. O-O Nd7 8. Be3 {[%emt 0:05:19]} b6 {[%emt 0:03:07]} 9. a4 {[%emt 0:05:55]} a5 10. Qd2 {[%emt 0:05:12]} h6 {[%emt 0:03:25]} 11. h3 {[%emt 0:01:31]} e5 {[%emt 0:03:21]} 12. Nh2 {[%emt 0:00:17]} Nf8 {[%emt 0:00:45]} 13. f4 exf4 {[%emt 0:00:10]} 14. Rxf4 {[%emt 0:01:43]} Ne6 {[%emt 0:00:27]} 15. Rf2 {[%emt 0:00:10]} Nd4 {[%emt 0:02:39]} 16. Raf1 {[%emt 0:04:01]} Ra7 {[%emt 0:00:21]} 17. Ne2 {[%emt 0:07:23]} Nxe2+ {[%emt 0:02:44]} 18. Rxe2 {[%emt 0:03:34]} Be6 19. b3 {[%emt 0:05:29]} Rd7 {[%emt 0:06:48]} 20. Kh1 {[%emt 0:12:10]} Qh4 {[%emt 0:10:24]} 21. Rf4 {[%emt 0:02:20]} Qe7 {[%emt 0:07:21]} 22. Ref2 {[%emt 0:05:26]} Kd8 23. Re2 {[%emt 0:00:30]} Kc8 {[%emt 0:01:07]} 24. Rf1 {[%emt 0:01:40]} Qd8 {[%emt 0:05:13]} 25. Qe1 {[%emt 0:00:30]} g5 {[%emt 0:00:30]} 26. Qg3 {[%emt 0:00:30]} Bf8 {[%emt 0:00:30]} 27. Ng4 {[%emt 0:00:30]} Bd6 {[%emt 0:00:30]} 28. e5 {[%emt 0:00:30]} Bc7 {[%emt 0:00:30]} 29. Nf6 {[%emt 0:00:30]} Re7 {[%emt 0:00:30]} 30. Bg1 {[%emt 0:00:30]} Kb7 {[%emt 0:00:30]} 31. Rfe1 {[%emt 0:00:30]} Qf8 {[%emt 0:00:30]} 32. Ne4 {[%emt 0:00:30]} Rd7 {[%emt 0:00:30]} 33. Nf6 {[%emt 0:00:30]} Re7 {[%emt 0:00:30]} 34. c3 {[%emt 0:00:30]} Qg7 {[%emt 0:00:30]} 35. Rb1 {[%emt 0:00:30]} Bc8 {[%emt 0:00:30]} 36. d4 {[%emt 0:00:30]} cxd4 {[%emt 0:00:30]} 37. cxd4 {[%emt 0:00:30]} Qxf6 {[%emt 0:00:30]} 38. exf6 {[%emt 0:00:30]} Rxe2 {[%emt 0:00:30]} 39. Qd3 {[%emt 0:00:30]} Re6 {[%emt 0:00:30]} 40. b4 {[%emt 0:00:30]} axb4 {[%emt 0:00:30]} 41. Rxb4 {[%emt 0:00:30]} Rd8 {[%emt 0:00:30]} 42. d5 {[%emt 0:00:30]} Rxd5 {[%emt 0:00:30]} 43. Qb3 {[%emt 0:00:30]} Ka8 {[%emt 0:00:30]} 44. Rxb6 {[%emt 0:00:30]} Bxb6 {[%emt 0:00:30]} 45. Qxb6 {[%emt 0:00:30]} c5 {[%emt 0:00:30]} 46. Qc7 {[%emt 0:00:30]} Bb7 {[%emt 0:00:30]} 47. Qxf7 {[%emt 0:00:30]} Re2 {[%emt 0:00:30]} 48. Qf8+ {[%emt 0:00:30]} Ka7 {[%emt 0:00:30]} 49. f7 {[%emt 0:00:30]} Rc2 {[%emt 0:00:30]} 50. Qe7 {[%emt 0:00:30]} Rf5 {[%emt 0:00:30]} 51. f8=Q {[%emt 0:00:30]} Rxf8 {[%emt 0:00:30]} 52. Bxc5+ {[%emt 0:00:30]} 1-0

[Event "SPICE Cup Open 2018"]
[Site "St. Louis"]
[Date "2018.10.25"]
[Round "4"]
[White "Tang, Andrew"]
[Black "Bok, Benjamin"]
[Result "0-1"]
[WhiteElo "2469"]
[BlackElo "2639"]
[Annotator "TA"]
[PlyCount "106"]
[EventDate "2018.10.22"]
[EventType "swiss"]
[EventCountry "USA"]
[SourceTitle "playchess.com"]
[Source "ChessBase"]
[SourceQuality "1"]

{[%evp 21,106,-57,-51,-81,-57,-45,-50,-59,0,-7,-14,-25,0,0,0,0,4,-15,-5,-77,-41,-22,-25,-41,-35,-47,-30,-57,-9,-40,-26,-39,-8,-103,-117,-93,-108,-173,-165,-160,-160,-160,-156,-169,-154,-168,-158,-157,-150,-176,-153,-186,-164,-208,-214,-266,-263,-273,-277,-255,-206,-205,-204,-203,-191,-364,-130,-124,-115,-564,-564,-611,-528,-520,-281,-1049,-893,-652,-591,-5108,-2948,-29962,-29964,-29968,-29969,-29969,-29967]} 1. d4 Nf6 2. c4 g6 3. f3 Bg7 4. e4 d6 5. Nc3 O-O 6. Nge2 a6 7. Be3 Nbd7 {E81: King's Indian: Sämisch: 6th move deviations (including 6 Be3 c6)} 8. Qd2 b5 9. cxb5 axb5 10. Nxb5 c6 11. Na3 {[%cal Bb5a3,Ba3c4,Bc4e5][%mdl 32]} (11. Nbc3 e5 12. O-O-O Qa5 13. Bh6 Nb6 14. Bxg7 Kxg7 15. dxe5 dxe5 {0-1 (34) Duda,J (2737)-Grischuk,A (2766) chess.com INT 2018}) 11... e5 $1 {LiveBook: 4 Games} 12. Nc4 $146 ({Predecessor:} 12. Nc3 d5 13. exd5 Nxd5 14. Nxd5 cxd5 15. Be2 exd4 16. Bxd4 {½-½ (58) Narciso Dublan,M (2459)-Forcen Esteban,D (2528) Las Palmas 2017}) 12... d5 $1 {[%cal Rd5c4]} 13. Nxe5 dxe4 14. Nxc6 Qe8 (14... Qb6 $15 15. d5 Qb7) 15. f4 Bb7 16. Ne5 Rd8 17. Nc3 Nxe5 $1 18. fxe5 Ng4 19. Qe2 Qe6 20. O-O-O (20. Rd1 $1 $11) 20... Nxe3 21. Qxe3 Qb6 22. Na4 $1 {[%cal Ra4b6]} Qa7 23. Nc5 Qxa2 {Hoping for ...Rc8.} 24. Qa3 Qd5 {Black wants to play ...Bxe5!} 25. Qb4 Bc8 26. Bc4 Qa8 {next ...e3 is good for Black.} 27. Qa3 (27. Qa4 $1 $11 Qxa4 28. Nxa4) 27... Qxa3 $17 28. bxa3 Bg4 29. Nxe4 (29. e6 $17 {was worth a try.} fxe6 30. Bxe6+ Bxe6 31. Nxe6 Bh6+ 32. Kc2 Rf2+ 33. Kb3 Rb8+ 34. Kc4) 29... Bxd1 $19 30. Rxd1 Rc8 $1 {[%cal Rc8c4]} 31. Nd6 {[#]} Rxc4+ $1 {[%mdl 512]} 32. Nxc4 $17 {[%mdl 4096] Endgame Black must now prevent Kc2. KRB-KRN} Rc8 33. Kc2 {Strongly threatening Kd3.} Rxc4+ $19 {KRB-KR} 34. Kb3 Rc8 35. a4 Kf8 36. a5 {[#]} Rd8 $1 37. Kc2 {[#]} Rd5 $1 38. Ra1 Rxd4 39. a6 Rd8 40. Ra5 Ra8 41. Kd3 Bxe5 42. Rxe5 Rxa6 {KR-KR} 43. Rd5 $2 (43. Re1) 43... Re6 $2 (43... Ra2 $19 {has better winning chances.} 44. Rg5 Kg7) 44. Kd2 Kg7 45. h4 $2 {[%mdl 8192]} (45. g3 $17 {is more resistant.}) 45... Re4 46. g3 Kh6 47. Rc5 f5 {[%cal Bf7f5,Bf5f4][%mdl 32]} 48. Rc3 $2 (48. Rc7) 48... Kh5 49. Rc7 Kg4 50. Rxh7 {Now Rg7 and White clings on.} Kxg3 51. h5 gxh5 {Black mates.} 52. Rxh5 f4 53. Kd3 Re8 {Precision: White = 21%, Black = 76%.} 0-1

[Event "SPICE Cup Open 2018"]
[Site "St. Louis"]
[Date "2018.10.26"]
[Round "5"]
[White "Bok, Benjamin"]
[Black "Bruzon Batista, Lazaro"]
[Result "1/2-1/2"]
[WhiteElo "2639"]
[BlackElo "2653"]
[Annotator "TA"]
[PlyCount "18"]
[EventDate "2018.10.22"]
[EventType "swiss"]
[EventCountry "USA"]
[SourceTitle "playchess.com"]
[Source "ChessBase"]
[SourceQuality "1"]

{[%evp 9,18,-72,5,2,4,-503,-478,-479,-475,-474,-470]} 1. e3 c5 2. c4 Nc6 3. Nc3 Nf6 4. g3 (4. d4 cxd4 5. exd4 d5 6. Bg5 e6 7. Nf3 Be7 8. c5 O-O 9. Bb5 Ne4 10. Bxe7 Nxe7 11. Rc1 b6 12. c6 Nd6 13. a4 a6 14. c7 Qxc7 15. Nxd5 Qd8 16. Nxe7+ Qxe7 17. Bc6 Bb7 18. O-O Rfd8 19. d5 exd5 {1-0 (53) Tkachiev,V (2644)-Avrukh,B (2605) Istanbul 2012}) 4... d5 5. d4 e6 (5... cxd4 $17 6. exd4 Bf5) 6. cxd5 $11 {A35: Symmetrical English: 2 Nc3 Nc6 3 Nf3} Nxd5 $146 ({Predecessor:} 6... exd5 7. dxc5 Bxc5 8. Bg2 Be6 9. Nge2 Qd7 10. O-O O-O 11. Nf4 Rad8 12. Nfe2 Rfe8 {0-1 (26) Rubinstein,M (2012)-Usachyi,M (2196) Naumburg 2002}) 7. Ba6 $2 {[%mdl 8192] [#]} (7. Bg2 $11 {and White is okay.}) 7... cxd4 $19 {Black is clearly winning.} 8. exd4 Nxc3 9. bxc3 bxa6 {[%mdl 32768] An unexpected result.} 1/2-1/2

[Event "SPICE Cup Open 2018"]
[Site "St. Louis"]
[Date "2018.10.26"]
[Round "5"]
[White "Lenderman, Aleksandr"]
[Black "Wang, Justin"]
[Result "1-0"]
[WhiteElo "2626"]
[BlackElo "2377"]
[Annotator "TA"]
[PlyCount "50"]
[EventDate "2018.10.22"]
[EventType "swiss"]
[EventCountry "USA"]
[SourceTitle "playchess.com"]
[Source "ChessBase"]
[SourceQuality "1"]

{[%evp 24,50,28,28,28,37,41,37,27,46,30,45,42,33,27,29,33,49,42,26,28,34,18,11,29,30,21,10,64]} 1. d4 Nf6 2. c4 e6 3. Nc3 Bb4 4. Qc2 O-O 5. Nf3 c5 6. dxc5 Na6 {[%cal Bb8a6,Ba6c5,Bc5b7,Bb7a5,Ba5c4][%mdl 32]} 7. g3 Nxc5 8. Bg2 b6 9. O-O {E39: Nimzo-Indian: Classical: 4...c5 5 dxc5 0-0} Bb7 10. Nb5 Be4 11. Qd1 Nb7 12. a3 Be7 13. Bf4 {LiveBook: 44 Games} Rc8 14. Rc1 a6 15. Nc3 Bxf3 16. Bxf3 Na5 {[#]} 17. b4 $146 Nxc4 {[#] ...d5 is the strong threat.} 18. Bb7 Nh5 19. Bxc8 Qxc8 20. Bd2 $36 {[%mdl 2048] White is pushing.} b5 21. e4 {[%cal Be2e4,Be4e5][%mdl 32]} Qb7 22. Qe2 Nf6 23. Rfd1 h6 24. e5 Nh7 25. Qe4 Qc7 {Precision: White = 87%, Black = 69%.} (25... Qb8 $11) 1-0

[Event "SPICE Cup Open 2018"]
[Site "St. Louis"]
[Date "2018.10.26"]
[Round "5"]
[White "Prohaszka, Peter"]
[Black "Shimanov, Aleksandr"]
[Result "1/2-1/2"]
[WhiteElo "2626"]
[BlackElo "2626"]
[Annotator "TA"]
[PlyCount "42"]
[EventDate "2018.10.22"]
[EventType "swiss"]
[EventCountry "USA"]
[SourceTitle "playchess.com"]
[Source "ChessBase"]
[SourceQuality "1"]

{[%evp 32,42,65,81,109,103,102,75,104,106,81,22,636]} 1. d4 {[%cal Bd2d4,Bd4d5][%mdl 32]} Nf6 2. c4 c5 3. d5 g6 4. Nc3 Bg7 5. e4 O-O 6. Nf3 e6 7. Bd3 exd5 8. cxd5 d6 9. h3 a6 10. a4 Nbd7 11. Bf4 Qe7 12. O-O Nh5 13. Bh2 Ne5 {A70: Modern Benoni: 6 e4 g6 7 Nf3} (13... Bh6 14. Re1 Bf4 15. g3 Bh6 16. Bf1 Ne5 17. Nxe5 Qxe5 18. f4 Qd4+ 19. Kg2 Qb4 20. Qd2 f5 21. e5 dxe5 22. Rxe5 {1-0 (44) Shirov,A (2675)-Dubov,D (2629) Moscow 2014}) 14. Be2 {[%cal Bd3e2,Be2f3,Bf3d5][%mdl 32]} Nxf3+ 15. Bxf3 Nf6 16. e5 dxe5 17. d6 $1 {[%cal Rd6e7] LiveBook: 3 Games} Qe6 18. Re1 {[%mdl 1024] White has strong compensation.} Nd7 19. Bd5 Qf6 20. Ne4 Qd8 {[#]} 21. Qe2 $146 (21. Qc2 $16) ({Predecessor:} 21. Qc2) 21... b5 $2 {[%mdl 40960] An unexpected result.} (21... Rb8 $11) 1/2-1/2

[Event "SPICE Cup Open 2018"]
[Site "St. Louis"]
[Date "2018.10.25"]
[Round "5"]
[White "Liang, Awonder"]
[Black "Gledura, Benjamin"]
[Result "1/2-1/2"]
[WhiteElo "2572"]
[BlackElo "2621"]
[Annotator "TA"]
[PlyCount "59"]
[EventDate "2018.10.22"]
[EventType "swiss"]
[EventCountry "USA"]
[SourceTitle "playchess.com"]
[Source "ChessBase"]
[SourceQuality "1"]

{[%evp 21,59,5,11,19,26,24,26,29,15,-4,6,0,21,14,26,17,10,18,14,20,17,0,0,0,0,0,0,0,4,0,0,0,-1,-20,41,30,17,0,0,0]} 1. e4 e5 2. Nf3 Nc6 3. Bb5 a6 4. Ba4 Nf6 5. O-O Be7 6. Re1 b5 7. Bb3 O-O 8. a4 Bb7 9. d3 d6 10. Bd2 b4 11. c3 Rb8 {LiveBook: 3 Games. C88: Closed Ruy Lopez: Anti-Marshall Systems} 12. cxb4 Bc8 13. b5 axb5 {White has an edge.} 14. axb5 Rxb5 {[#]} 15. Nc3 $146 ({Predecessor:} 15. Ra8 Rb8 16. Rxb8 Nxb8 17. d4 exd4 18. Nxd4 c5 19. Nf3 {0-1 (91) Vachier Lagrave,M (2775)-Tomashevsky,E (2716) Tbilisi 2015}) 15... Rb8 16. h3 Be6 17. Nd5 Bxd5 18. Bxd5 Nxd5 19. exd5 Nb4 20. Qb3 c5 21. dxc6 Nxc6 22. Qc4 Qd7 23. Ra6 Rfc8 {[#] ...Nb4 is the strong threat.} 24. Qa4 {Black must now prevent Rc1.} Rb7 $1 ({Don't go for} 24... Rxb2 $2 25. Rc1 $18) 25. Rc1 {[%cal Rc1c6]} Nb8 26. Rxc8+ Qxc8 27. Ra7 Bf8 ({Black should play} 27... Qd7 $11 28. Qxd7 Rxd7) 28. Rxb7 Qxb7 29. Qe8 Na6 30. Bc3 {Precision: White = 70%, Black = 72%.} 1/2-1/2

[Event "SPICE Cup Open 2018"]
[Site "St. Louis"]
[Date "2018.10.26"]
[Round "6"]
[White "Bruzon Batista, Lazaro"]
[Black "Liang, Awonder"]
[Result "1/2-1/2"]
[WhiteElo "2653"]
[BlackElo "2572"]
[Annotator "TA"]
[PlyCount "33"]
[EventDate "2018.10.22"]
[EventType "swiss"]
[EventCountry "USA"]
[SourceTitle "playchess.com"]
[Source "ChessBase"]
[SourceQuality "1"]

{[%evp 14,33,-9,-6,-14,-27,-4,-1,1,-64,-68,-40,0,-21,0,0,0,0,0,0,0,0]} 1. d4 Nf6 2. Nf3 e6 3. c4 d5 4. Bg5 dxc4 5. Nc3 a6 6. a4 Nc6 {D24: Queen's Gambit Accepted: 3 Nf3 Nf6 4 Nc3} (6... c5 7. e3 cxd4 8. exd4 Nc6 9. Bxc4 Be7 10. O-O O-O 11. Re1 Bd7 12. Qe2 Rc8 13. Rad1 Nd5 14. Bxd5 Bxg5 15. Be4 Bh6 16. d5 exd5 17. Rxd5 g6 18. Red1 Rc7 19. Rd6 Bf4 20. R6d3 {1-0 (41) Wang,H (2680)-Volokitin,A (2668) Calimanesti Caciulata 2016}) 7. e3 Na5 8. Nd2 {LiveBook: 3 Games} c5 9. Bxf6 $146 ({Predecessor:} 9. Nxc4 Nxc4 10. Bxc4 cxd4 11. exd4 Be7 12. O-O O-O 13. Re1 Bd7 14. Qb3 {1-0 (52) Kowalczyk,P (2311)-Omelja,A (2411) Wroclaw 2017}) 9... Qxf6 10. d5 Qg6 11. Qf3 (11. Qb1 $11) 11... exd5 $1 $15 12. Nxd5 {[#] Strongly threatening Nc7+.} Bd6 13. h3 {The position is equal.} O-O 14. Nxc4 Nxc4 15. Bxc4 Bf5 16. Nc3 Be5 17. O-O 1/2-1/2

[Event "SPICE Cup Open 2018"]
[Site "St. Louis"]
[Date "2018.10.26"]
[Round "6"]
[White "Durarbayli, Vasif"]
[Black "Patel, Advait"]
[Result "1/2-1/2"]
[WhiteElo "2629"]
[BlackElo "2461"]
[Annotator "TA"]
[PlyCount "139"]
[EventDate "2018.10.22"]
[EventType "swiss"]
[EventCountry "USA"]
[SourceTitle "playchess.com"]
[Source "ChessBase"]
[SourceQuality "1"]

{[%evp 17,139,11,22,12,14,0,0,-23,-17,-41,-18,-29,-28,-54,-52,-78,-29,-32,-28,-23,-17,-30,-38,-27,0,0,0,0,0,0,0,0,0,0,40,30,50,27,38,9,9,7,8,7,8,16,46,31,155,173,171,177,176,155,153,116,116,113,95,107,85,80,101,0,0,0,0,0,0,0,0,0,0,0,0,0,0,0,0,0,0,0,0,0,0,0,0,0,0,0,0,0,0,-21,-39,-43,0,-9,0,-15,0,0,0,0,0,0,0,0,0,0,0,0,0,0,0,0,0,0,0,0,0,0,0,0]} 1. d4 Nf6 2. Nf3 g6 3. g3 c5 4. d5 b5 5. Bg2 Bg7 6. O-O {A49: 1 d4 Nf6 2 Nf3 g6 3 g3: Anti-King's Indian systems} Bb7 7. c4 d6 8. Nc3 (8. Re1 bxc4 9. e4 Nfd7 10. Nc3 O-O 11. Bf4 Na6 12. Bf1 Nb6 13. Nd2 Nb4 14. Nxc4 Ba6 {0-1 (44) Krishna,C (2445)-Rapport,R (2725) Douglas 2018}) 8... b4 9. Na4 O-O {LiveBook: 9 Games} 10. a3 a5 11. Bf4 $146 ({Predecessor:} 11. Qc2 Nbd7 12. h3 Nb6 13. Nxb6 Qxb6 {1-0 (48) Hrbolka,L (2120)-Csala,I (2315) Zalakaros 2012}) 11... Nbd7 {[%cal Bb8d7,Bd7e5,Be5f3][%mdl 32]} 12. Qc1 Re8 13. Bh6 Bh8 14. Bh3 Bc8 15. axb4 axb4 16. Qf4 Ne5 17. Bxc8 Nxf3+ 18. exf3 Rxc8 19. Rad1 Nd7 20. b3 Ne5 21. Kg2 e6 22. h4 exd5 23. Rxd5 {Strongly threatening Rfd1.} Re6 24. Rfd1 Qc7 25. Qd2 {[%cal Rd5d6]} Qc6 26. Nb2 Rce8 27. Bf4 Ra8 28. Nd3 (28. Bxe5 $5 Bxe5 29. Nd3 $11) 28... Nxd3 29. Qxd3 {[%cal Rf4d6]} Bd4 30. h5 Ra2 31. Rd2 Rxd2 32. Qxd2 Qe8 (32... Bc3 $14 33. Qa2 Be5) 33. h6 $16 ({Resist} 33. Rxd6 $6 Re2 $11) ({Much less strong is} 33. Bxd6 Re2 $16) 33... Qe7 34. Rxd4 cxd4 35. Qxd4 $18 {[%csl Gh6][%cal Rd4g7][%mdl 4096] Endgame KQR-KQB} f6 36. Qd5 Kf7 37. Bd2 Qa7 38. Bxb4 Qb6 39. Ba3 Qa6 {[#]} 40. Bb2 (40. Bc1 $1 $16) 40... Qa2 $1 $11 {[%cal Ra2b2]} 41. Qb7+ Re7 42. Qd5+ Re6 43. c5 dxc5 $1 44. Qd7+ Re7 45. Qd5+ Re6 46. Bc1 Qa6 47. Be3 Qc6 48. Qc4 g5 49. Qc2 Kg8 50. g4 Re5 {[#]} 51. Bd4 $1 {[%mdl 512]} Rd5 (51... cxd4 52. Qxc6) 52. Qc4 {Bxf6! is the strong threat.} Kf7 53. b4 Kg6 54. Bxc5 {Black must now prevent Qe4+.} f5 55. gxf5+ (55. Qc2 {is interesting.} Qe6 56. b5 Qc8 57. Qc3 Qd7 58. Qc4) 55... Rxf5 56. Qe4 Qxe4 57. fxe4 $15 {KR-KB. The position is equal.} Rf4 58. f3 $1 g4 59. Kg3 Rxf3+ 60. Kxg4 Rf1 61. b5 Kxh6 62. b6 Kg6 63. Bd6 {And now b7 would win.} h5+ (63... Rb1 {looks sharper.} 64. Bc7 Rb4 65. Bd8 Rb3 66. Kf4 Kf7) 64. Kg3 h4+ (64... Rb1 {with more complications.} 65. Bc7 Rb4 66. Kf4 Kf6 67. Bd8+ Ke6) 65. Kxh4 Rb1 66. Bc7 Rb4 67. Kg3 Rxe4 68. b7 Rb4 69. b8=Q Rxb8 70. Bxb8 {Precision: White = 67%, Black = 69%.} 1/2-1/2